000 00640nam a2200193Ia 4500
003 GCL
008 140319s9999 xx 000 0 ara d
040 _aGCL /
_cGCL
082 0 4 _a810.9
_bس ش
100 1 _aشوقى محمد المعاملى
245 1 0 _aالسيرة الذاتية فى التراث /
_cشوقى محمد المعاملى
260 _aالقاهرة :
_bمكتبة النهضة المصرية ،
_c1989
300 _a275 ص ؛
_c24 سم
650 0 4 _aالادب العربى
650 0 4 _aالتراث العربى
650 0 4 _aالسيرة الذاتية
650 0 4 _aتاريخ ونقد
942 _2ddc
_cBK
999 _c53209
_d53209